| 000 | 00859nam a22002894a 4500 | ||
|---|---|---|---|
| 001 | 59956 | ||
| 005 | 20230410123510.0 | ||
| 008 | 080430s2005 pn b 000 0 spa | ||
| 010 | _a 2008415149 | ||
| 035 | _a(OCoLC)ocn227206622 | ||
| 040 |
_aDLC _cDLC |
||
| 020 | _a9962029325 | ||
| 020 | _a9789962029328 | ||
| 035 | _a(OCoLC)227206622 | ||
| 043 | _ancpn--- | ||
| 050 | 1 | 4 |
_aKGH1059 _b.L111 2006 |
| 100 | 1 | _aLau, Iván. | |
| 245 | 1 | 0 |
_aAspectos legales del comercio electrónico (e-commerce) / _cIvan Lau de León. |
| 250 | _a1a ed. | ||
| 260 |
_aPanamá, República de Panamá : _bImpr. Universitaria, _c2006. |
||
| 300 |
_a330 p. ; _c20 cm. |
||
| 504 | _aIncludes bibliographical references (p. [318]-330). | ||
| 650 | 0 |
_aElectronic commerce _xLaw and legislation _zPanama. |
|
| 942 |
_2lcc _cbk |
||
| 946 | _aclperez | ||
| 994 |
_aC0 _bDRFGD |
||
| 999 |
_c62654 _d62654 |
||